<?xml version="1.0" encoding="UTF-8"?>
<record
    xmlns:xsi="http://www.w3.org/2001/XMLSchema-instance"
    xsi:schemaLocation="http://www.loc.gov/MARC21/slim http://www.loc.gov/standards/marcxml/schema/MARC21slim.xsd"
    xmlns="http://www.loc.gov/MARC21/slim">

  <leader>00215nam a2200097   4500</leader>
  <datafield tag="999" ind1=" " ind2=" ">
    <subfield code="c">530132</subfield>
    <subfield code="d">530132</subfield>
  </datafield>
  <datafield tag="040" ind1=" " ind2=" ">
    <subfield code="c">DLC</subfield>
  </datafield>
  <datafield tag="082" ind1=" " ind2=" ">
    <subfield code="a">307.1216</subfield>
    <subfield code="b">HIR</subfield>
  </datafield>
  <datafield tag="100" ind1=" " ind2=" ">
    <subfield code="a">Hiraskar, G.K.</subfield>
    <subfield code="9">23482</subfield>
  </datafield>
  <datafield tag="245" ind1=" " ind2=" ">
    <subfield code="a">Fundamentals of Town Planning</subfield>
  </datafield>
  <datafield tag="942" ind1=" " ind2=" ">
    <subfield code="2">ddc</subfield>
    <subfield code="c">BK</subfield>
  </datafield>
  <datafield tag="952" ind1=" " ind2=" ">
    <subfield code="0">0</subfield>
    <subfield code="1">0</subfield>
    <subfield code="2">ddc</subfield>
    <subfield code="4">0</subfield>
    <subfield code="7">0</subfield>
    <subfield code="a">NIT</subfield>
    <subfield code="b">NIT</subfield>
    <subfield code="d">2019-10-10</subfield>
    <subfield code="l">1</subfield>
    <subfield code="o">307.1216 HIR</subfield>
    <subfield code="p">NIT-11667</subfield>
    <subfield code="q">2019-11-09</subfield>
    <subfield code="r">2019-10-10</subfield>
    <subfield code="s">2019-10-10</subfield>
    <subfield code="w">2019-10-10</subfield>
    <subfield code="y">BK</subfield>
  </datafield>
</record>
